00985nam a22002777a 45000010005000000030006000050050017000110080041000280200018000690400029000870500014001160820010001301000017001402450085001572500061002422600046003033000066003494900025004155050008004405200105004485210029005535210020005826500031006026500038006337000036006719909FISKH20260313124205.0260313b cb ||||| |||| 00| 0 eng d a9781846865503 aFISKHbengcFISKHdFISKH aPZ8 .R252 a813.6 aReed , Susan aUp , up, up ! /cWritten and sung by Susan Reed : Illustrated by Rachel Oldfield aFirst published in the United States of America in 2010  aMassachusetts : bBarefoot Books ,c2010. a26 unnumbered pages : bcolor illustrations ; c25 X 26 cm .  aA Barefoot Singalong aF  aA child experiences an exhilarating ride in a hot air balloon, looking down at the world from above.8 a300 bLexile estimate 8 aF bRaz-Plus  aVehiclesvChildren's Books aTransportationsvChildren's Books aOldfield , RacheleIllustrator